Historia breve de la conquista de los estados independientes del Imperio Mexicano /
El franciscano tapatío Francisco Frejes ofrece una historia relativa a la conquista de los estados indígenas independientes, que abarcaban una amplia región de México y que en su gran mayoría pertenecieron al gobierno de la Real Audiencia de la Nueva Galicia como Zacatecas, Sonora, Sinaloa, Nuevo Le...
保存先:
| 第一著者: | |
|---|---|
| その他の著者: | |
| フォーマット: | 図書 |
| 言語: | スペイン語 |
| 出版事項: |
México :
Bibliófilos Mexicanos,
1969, c1969
|
| シリーズ: | (Bibliófilos Mexicanos ;
20) |
| 主題: | |
| タグ: |
タグなし, このレコードへの初めてのタグを付けませんか!
|
MARC
| LEADER | 00000nam^a2200000^a^4500 | ||
|---|---|---|---|
| 001 | 000380831 | ||
| 005 | 20250521000000.0 | ||
| 009 | 20260310120624.716 | ||
| 037 | |a Acervo ITESO - Biblioteca | ||
| 041 | |a ESP | ||
| 082 | |a 972. 03 |b FRE | ||
| 100 | |a Frejes, Francisco, |c Fray |e (autor) | ||
| 240 | 1 | 1 | |a [Historia breve de la conquista de los estados independientes del Imperio Mexicano] |
| 245 | 1 | 0 | |a Historia breve de la conquista de los estados independientes del Imperio Mexicano / |c F. Frejes ; introd. de F. González de Cosío. |
| 264 | 4 | |a México : |b Bibliófilos Mexicanos, |c 1969, c1969 | |
| 300 | |a 219 p. | ||
| 336 | |a texto |b txt |2 rdacontenido | ||
| 337 | |a sin mediación |b n |2 rdamedio | ||
| 338 | |a volumen |b nc |2 rdasoporte | ||
| 440 | 1 | |a (Bibliófilos Mexicanos ; |v 20) | |
| 501 | |a Encuadernación particular | ||
| 520 | |a El franciscano tapatío Francisco Frejes ofrece una historia relativa a la conquista de los estados indígenas independientes, que abarcaban una amplia región de México y que en su gran mayoría pertenecieron al gobierno de la Real Audiencia de la Nueva Galicia como Zacatecas, Sonora, Sinaloa, Nuevo León, Tamaulipas, Durango, Chihuahua, Coahuila, Texas, Nayarit, Colima, Nuevo México, California y Jalisco. El último capítulo trata acerca de las incidencias en la fundación de Guadalajara. | ||
| 561 | |a Ex libris de Lic. Salvador Reynoso Reynoso | ||
| 562 | |a Falta cubierta | ||
| 649 | |a XX | ||
| 650 | |a Indígenas de México - |x Historia | ||
| 650 | |a Guadalajara, Jalisco - |x Historia - |y Epoca Colonial, 1517-1821 | ||
| 650 | |a Jalisco - |x Historia - |y Epoca Colonial, 1517-1821 | ||
| 650 | |a México (Región Noreste) - |x Historia - |y Epoca Colonial, 1517-1821 | ||
| 650 | |a México (Región Noroeste) - |x Historia - |y Epoca Colonial, 1517-1821 | ||
| 650 | |a México (Región Occidente) - |x Historia - |y Epoca Colonial, 1517-1821 | ||
| 650 | |a México - |x Historia - |y Epoca Colonial, 1517-1821 | ||
| 700 | |a González de Cosío, Francisco |e (introducción) | ||
| 910 | |a Fondo Salvador Reynoso Reynoso | ||
| 920 | |a Impresos - Libros | ||
| 930 | |a Fondos Especiales | ||
| 905 | |a 112 | ||
| 901 | |a 0800010129 |b IT2 |c ESP |u 20250521 | ||
| 902 | |a https://opac.biblio.iteso.mx/vufind/Record/000380831 | ||